000 00640nam a22002057a 4500
005 20230608064524.0
008 230117b |||||||| |||| 00| 0 eng d
020 _a971-12-0218-2
082 _aFil. 657.042 F897 1998
100 _aFrias, Solita A.
_eauthor
245 _aElementary accounting :
_bpartnership and corporation /
_cSolita A. Frias, Consolacion L. Fajardo
250 _a3rd ed.
260 _aMakati City:
_bGoodwill Bookstore,
_cc1998.
300 _axi, 295p.
504 _aIncludes index
541 _e5373
650 _aAccounting
650 _aCorporations - Accounting
700 _aFajardo, Consolacion L.
_eauthor
999 _c557
_d557